[Event "corr"]
[Site "corr"]
[Date "1997.??.??"]
[Round "5"]
[White "Szimmat, Klaus"]
[Black "Becker, Hartmut"]
[Result "1/2-1/2"]
[WhiteElo "2045"]
[BlackElo "2085"]
[PlyCount "39"]
[EventDate "1997.06.04"]
[EventType "match (corr)"]
[EventRounds "10"]
[SourceTitle "Corr 2020"]
[Source "ChessBase"]
[SourceDate "2019.09.30"]
[SourceVersion "1"]
[SourceVersionDate "2019.09.30"]
[SourceQuality "1"]
[WhiteTeam "Germany"]
[BlackTeam "Germany"]
[WhiteTeamCountry "GER"]
[BlackTeamCountry "GER"]

1. e4 c6 2. Nc3 d5 3. Nf3 dxe4 4. Nxe4 Bf5 5. Ng3 Bg4 6. h3 Bxf3 7. Qxf3 e6 8. c3 Nf6 9. d4 Qd5 10. Qxd5 cxd5 11. Bb5+ Nbd7 12. Bf4 a6 13. Bd3 Be7 14. 0-0 0-0 15. a4 Rfc8 16. a5 Ne8 17. Ne2 Bd6 18. Be3 Nb8 19. f4 g6 20. g4 1/2-1/2